00749nam a2200229 a 450000100060000000300080000600500170001400800410003103500190007204000270009104100080011808200250012610000420015124500420019326000370023530000340027250000190030665000250032594200120035099900170036295201400037972407BD-RjUL20211209082246.0170517s1936 enkabf b 001 0 eng  a(BD-RjUL)72625 aDLCcFMUdBD-RjULbeng aeng a551.22223bDAG 19361 aDavison, Charles,d1858-1940.921413110aGreat earthquakes /cCharles Davison  aLondon :bT. Murby & Co.,c1936. axii, 286 p. :bill. ;c22 cm. aIncludes index 0aEarthquakes.9201462 2ddccBK c72407d72407 00102ddc40718NFICaRUCLbRUCLcReadingd1956-11-15eWorld Bankg20.50l0o551.22 DAG 1936r2017-05-17 00:00:00tC-1w2017-05-17yBK